Countries with the Smallest Coastline to Area Ratio - Statistics

General Stats
  • This quiz has been taken 22 times
  • The average score is 9 of 15
Answer Stats
Coast/Area Ratio Answer % Correct
0.449 Bosnia and Herzegovina
95%
0.0781 Democratic Republic of the Congo
95%
0.240 Iraq
91%
0.304 Jordan
91%
0.600 Republic of the Congo
82%
1.38 Benin
77%
0.975 Togo
77%
2.03 Slovenia
73%
1.14 Syria
64%
1.30 Sudan
59%
1.23 Mauritania
41%
0.654 Algeria
36%
1.15 Libya
32%
1.81 Angola
14%
2.13 Namibia
9%
No matching quizzes found
Score Distribution
Percent of People with Each Score
Percentile by Number Answered
Your Score History
You have not taken this quiz